Towards Better Corporate Governance: (Record no. 207237)

MARC details
000 -LEADER
fixed length control field 00591nam a22001937a 4500
005 - DATE AND TIME OF LATEST TRANSACTION
control field 20241129142929.0
010 ## - LCCN (DPL NO)
LC control number ENG-142739
020 ## - INTERNATIONAL STANDARD BOOK NUMBER
Terms of availability 350.00
International Standard Book Number 9788174467799
035 ## - SYSTEM CONTROL NUMBER
System control number EN-126271
037 ## - SOURCE OF ACQUISITION
Source of stock number/acquisition DBAD
082 ## - DEWEY DECIMAL CLASSIFICATION NUMBER
Classification number 338.60954
Edition number 1
100 ## - MAIN ENTRY--PERSONAL NAME
Personal name Rath, A.K.
245 ## - TITLE STATEMENT
Title Towards Better Corporate Governance:
Remainder of title Independent Directors in the Boardroom/
Statement of responsibility, etc by A.K. Rath
250 ## - EDITION STATEMENT
Edition statement 1
260 ## - PUBLICATION, DISTRIBUTION, ETC. (IMPRINT)
Place of publication, distribution, etc New Delhi
Name of publisher, distributor, etc Excel Books
Date of publication, distribution, etc 2010
270 ## - ADDRESS
Address A-45, Naraina, Phase I
City New Delhi
Postal code 110028
300 ## - PHYSICAL DESCRIPTION
Extent xviii,238p.
Dimensions 24cm(pb)
942 ## - ADDED ENTRY ELEMENTS (KOHA)
Source of classification or shelving scheme Dewey Decimal Classification
Item type English Books
Classification part 338.60954
Call number suffix RAT
Holdings
Withdrawn status Lost status Not for loan Collection code Home library Current library Date acquired Source of acquisition Cost, normal purchase price Full call number Barcode Copy number Cost, replacement price Koha item type
      Non-fiction Ashok Vihar Ashok Vihar 29/11/2024 Delivery of Books Act Division 350.00 338.60954 RAT EN-126271 1 350.00 English Books

© Delhi Public Library
Hit Counter
free hit counter